| 000 | 00645nam a22001817a 4500 | ||
|---|---|---|---|
| 020 | _qHard Cover. | ||
| 082 | _a621.3 | ||
| 100 | _aZaman, Anam ; Shabbir, Lubaina ; Rehan, Sahar and Shiraz, Sumayya | ||
| 245 |
_aEngineering Economics Semester Project : _b"The time value of Money" / _cAnam Zaman |
||
| 260 |
_aIslamabad: _bSEECS - NUST, _c0000. |
||
| 300 |
_a40 p. : _bill. ; _c30cm. |
||
| 563 | _aHB | ||
| 650 |
_aElectrical Engineering BS-Project Report _930887 |
||
| 700 |
_aMr. Yousaf _934459 |
||
| 856 | _uhttp://10.250.8.41:8080/xmlui/handle/123456789/29339 | ||
| 942 |
_2ddc _cPR |
||
| 999 |
_c540432 _d540432 |
||